Countries Without Concave Angles #2 - Statistics

General Stats
  • This quiz has been taken 8 times
  • The average score is 6 of 12
Answer Stats
Picture Answer % Correct
Algeria
86%
Iraq
86%
Portugal
86%
Nepal
71%
Romania
71%
Sierra Leone
57%
Brazil
43%
Japan
43%
Niger
43%
Russia
43%
Panama
14%
Papua New Guinea
0%
No matching quizzes found
Score Distribution
Percent of People with Each Score
Percentile by Number Answered
Your Score History
You have not taken this quiz